Statistics for All US Cities that Japan Airlines flies directly to

Click here to take the quiz!

General Stats

  • This quiz has been taken 817 times
  • The average score is 6 of 9

Answer Stats

Answer% Correct
Los Angeles
97%
New York City
96%
San Francisco
92%
Chicago
85%
Dallas
78%
Boston
68%
Honolulu
59%
San Diego
56%
Kona
9%

Score Distribution

Percentile by Number Answered

Percent of People with Each Score

Your Score History

You have not taken this quiz